Statystyki dla Zgadnij państwo po nazwie miasta

Kliknij tutaj aby rozwiązać quiz!

Ogólne statystyki

  • Ten quiz został rozwiązany 46 razy
  • Średni wynik to 10 z 14

Statystyki odpowiedzi

MiastoPaństwo% Poprawnych
VancouverKanada
97%
GdańskPolska
97%
BostonStany Zjednoczone
97%
CardiffWielka Brytania
82%
Tel AwiwIzrael
79%
SapporoJaponia
79%
BrnoCzechy
76%
BrugiaBelgia
68%
GuanajuatoMeksyk
66%
PermRosja
66%
PerthAustralia
61%
MarakeszMaroko
53%
FethiyeTurcja
42%
MbabaneEswatini
18%

Rozkład punktacji

Percentyl według liczby udzielonych odpowiedzi

Procent ludzi z każdym wynikiem

Twoja historia wyników

Nie rozwiązałeś tego quizu